| 000 | 00562nam a22001697a 4500 | ||
|---|---|---|---|
| 999 |
_c166806 _d166806 |
||
| 010 | _aENG-126151 | ||
| 020 |
_a978-93-87253-49-0 _c140.00 |
||
| 035 | _aEN-109683 | ||
| 037 | _bDBAD/PUB | ||
| 082 | _a651.7 | ||
| 100 | _aGarg,Manoj Kumar | ||
| 245 |
_aEssential Business Communication/ _cbyManoj Kumar Garg |
||
| 260 |
_aNew Delhi _bKitab Mahal Publishers _c2019 |
||
| 270 |
_a20,Ansari Road,Daryaganj _bNew Delhi _e110002 _mkitab_mahal@hotmail.com _k23273230 _l011-23289285 |
||
| 300 |
_a192p. _bill _c20cm(pbk) |
||
| 942 |
_2ddc _cEN _h651.7 _mGAR |
||